Statistics for All countries, that belonged to Britain

Click here to take the quiz!

General Stats

  • This quiz has been taken 14 times
  • The average score is 15 of 47

Answer Stats

HintsAnswer% Correct
The biggest colony on an islandAustralia
92%
The most populousIndia
83%
The biggest colony of The UKCanada
75%
The only colony in Central AmericaBelize
67%
A neighbouring countryIreland
67%
The most populous colony in AfricaNigeria
67%
The fastest sprinter was born in this countryJamaica
58%
Got included into a country in the Southern part of Africa after Germanys lossNamibia
58%
Rarely showed on mapsNew Zeeland
58%
The closest colony to the USAThe Bahamas
50%
Declared its independence in 1971Bangladesh
42%
Is demanding the Kashmir provincePakistan
42%
The WM 2010 took place in this colonySouth Africa
42%
Its capital is KhartumSudan
42%
UK has still territories on this islandCyprus
33%
Declared its independence in 1968Eswatini
33%
Is in Northwest AfricaGhana
33%
The only colony in South AmericaGuyana
33%
A country in East AfricaKenya
33%
The only colony that is surrounded by another countryLesotho
33%
Declared its independence in 2011South Sudan
33%
A populous place to surfSri Lanka
33%
One of the oldest countriesEgypt
25%
Has a popular waterFiji
25%
A well guarded isle in the Mediterranean SeaMalta
25%
Oh manOman
25%
Had a dictatorship from 1971-1979Uganda
25%
The last country in the alphabetZimbabwe
25%
The smallest colony in Northwest AfricaGambia
17%
Has high oil reservesIraq
17%
Is bordering the Mediterranean SeaIsrael
17%
Has a big rivalry with another colonyJordan
17%
Is bordering Lake NjassaMalawi
17%
Had an oil catastrophy in 2020Mauritius
17%
This country looks like a hexagonSierra Leone
17%
Got included after the German loss in World War 1Tanzania
17%
The place with least visitorsTuvalu
17%
Is considered as the country with the ugliest flagZambia
17%
A country in the Middle EastKuwait
8%
Important colony in the Indic OzeanMalaysia
8%
Has one of the longest coastlines in the Indic OzeanMyanmar
8%
The WM 2022 took place in this colonyQatar
8%
Popular holiday placeMaldives
0%
Has 4 national languagesPapua New Guinea
0%
One of the richest countriesSingapore
0%
An island group in the Pacific OzeanSolomon Islands
0%
Has the highest building in the worldUnited Arabic Emirates
0%

Score Distribution

Percentile by Number Answered

Percent of People with Each Score

Your Score History

You have not taken this quiz